| 000 | 00755nam a22002177a 4500 | ||
|---|---|---|---|
| 999 |
_c10427 _d10427 |
||
| 001 | 10427 | ||
| 003 | BD-JhCC | ||
| 005 | 20180519105251.0 | ||
| 008 | 180426b2017 bg ||||| |||| 00| 0 eng d | ||
| 035 | _a(BD-JhCC)10427 | ||
| 040 |
_aBD-JhCC _dBD-JhCC |
||
| 041 | _aeng | ||
| 082 |
_b ISL 2017 _a907.5492 |
||
| 100 | _aইসলাম, মোহাম্মদ রফিকুল | ||
| 245 |
_aস্থানীয় ইতিহাস চর্চা বিষয় ও উপকরন / _cমোহাম্মদ রফিকুল ইসলাম |
||
| 260 |
_aঢাকা : _bশিরীন পাবলিকেশন্স, _c2017. |
||
| 300 |
_a525 p. : _c24 cm. |
||
| 650 | _aHistory Of Bangaladesh | ||
| 942 |
_2ddc _cBK |
||